Groups of Harry Potter people - Statistics

General Stats
  • This quiz has been taken 528 times
  • The average score is 1 of 11
Answer Stats
Hint Answer % Correct
The 3 main characters Harry Ron Hermione
100%
The 7 Wesley kids ( youngest to oldest) Ginny Ron Fred George Percy Bill Charlie
16%
The ravenclaw main characters (2) Cho Luna
10%
The 2 main heads of houses Minerva Snape
6%
The 4 dursleys Petunia Vernon Dudley Marge
5%
The 3 trouble makers Lee George Fred
2%
The slitherin main characters (3) Draco Grabbe Goyle
0%
People who worked on the sorcerers stone (2) Dunbledore Flammel
0%
People who marry weasleys (4) Flur Molly Harry Hermione
0%
The Dormatory The main character is in (5) Harry Ron Nevill Dean Semus
0%
The 6 defense against the dark arts teachers (not including the seventh year) ( last names) Quarrel Lockheart Lupin Moody Umbridge Snape
0%
No matching quizzes found
Score Distribution
Percent of People with Each Score
Percentile by Number Answered
Your Score History
You have not taken this quiz